Annual report, 2009-10 (Record no. 508091)
[ view plain ]
| 000 -LEADER | |
|---|---|
| fixed length control field | 00243nam a22000977a 4500 |
| 082 ## - DEWEY DECIMAL CLASSIFICATION NUMBER | |
| Classification number | A45 KVB/2009-10 |
| 100 ## - MAIN ENTRY--PERSONAL NAME | |
| Personal name | Bombay. Karur Vysya Bank |
| 9 (RLIN) | 3145 |
| 245 ## - TITLE STATEMENT | |
| Title | Annual report, 2009-10 |
| 260 ## - PUBLICATION, DISTRIBUTION, ETC. (IMPRINT) | |
| Place of publication, distribution, etc | Mumbai |
| Name of publisher, distributor, etc | Karur Vysya Bank |
| Date of publication, distribution, etc | 2010 |
| 300 ## - PHYSICAL DESCRIPTION | |
| Extent | 60p. |
| Withdrawn status | Lost status | Source of classification or shelving scheme | Damaged status | Koha normalized classification for sorting | Not for loan | Permanent location | Current location | Date acquired | Full call number | Barcode | Date last seen | Price effective from | Koha item type |
|---|---|---|---|---|---|---|---|---|---|---|---|---|---|
| A_45_000000000000000_KVB_200910 | Indian Institute of Public Administration | Indian Institute of Public Administration | 2019-03-07 | A45 KVB/2009-10 | GG34322 | 2019-03-07 | 2019-03-07 | GG |
